The lost Europeans (Record no. 3711)

MARC details
000 -LEADER
fixed length control field 00420nam a22001457a 4500
008 - FIXED-LENGTH DATA ELEMENTS--GENERAL INFORMATION
fixed length control field 250529b |||||||| |||| 00| 0 eng d
020 ## - INTERNATIONAL STANDARD BOOK NUMBER
ISBN 9781784970819
100 ## - MAIN ENTRY--AUTHOR
Author Emanuel Litvinoff
245 ## - TITLE STATEMENT
Title The lost Europeans
260 ## - PUBLICATION, DISTRIBUTION, ETC. (IMPRINT)
Place of publication United States Of America
Name of publisher Vanguard Press
Date of publication 1958
300 ## - COLLATION
Pagination 295p.
650 ## - TRACINGS
Main Subject Berlin (Germany)
Subdivision (1st) History - 1945-1990
Subdivision (2nd) Fiction.
942 ## - ADDED ENTRY ELEMENTS (KOHA)
Item type Books
050 ## - LIBRARY OF CONGRESS CALL NUMBER
Classification number PZA.L782 PR6023.17
Item number .E43 1958
Holdings
Source of classification or shelving scheme Not for loan Permanent location Current location Date acquired Accession No. Full call number Barcode. Koha item type
Library of Congress Classification   Samuel Ogbemudia Main Library, University of Abuja Samuel Ogbemudia Main Library, University of Abuja 05/29/2025 2024/63709 PZA.L782 PR6023.17.E43 1958 2025-2265 Books